| 000 | 00871nam a2200217 a 4500 | ||
|---|---|---|---|
| 003 | 0 | ||
| 005 | 20250514095530.0 | ||
| 008 | 021114s19uu xx 00 eng d | ||
| 050 |
_aPGS HQ 784.C6 _b.M293 2002 |
||
| 100 | _aMantuano, Rachelle Marie. | ||
| 245 |
_aAfter-school activities as selected students of Doña Manuela Elementary School / _cRachelle Marie Mantuano. |
||
| 260 |
_aLas Piñas City, Philippines : _bSouthville International School and Colleges, _c2002. |
||
| 300 |
_aUnpaged : _billustrations ; _c28 cm. |
||
| 504 | _aIncludes bibliographical references. | ||
| 650 | _aAfter-school activities. | ||
| 650 | _aRecreation. | ||
| 650 |
_aSchool children _vSocial life and customs. |
||
| 650 |
_aElementary school students _vConduct of life. |
||
| 650 |
_aDoña Manuela Elementary School (Las Piñas City, Philippines) _vStudents. |
||
| 942 |
_2lcc _cPASS |
||
| 999 |
_c96636 _d96636 |
||